Osmotic dehydration of banana (Record no. 15071)
[ view plain ]
| 000 -LEADER | |
|---|---|
| fixed length control field | 00638nam a22001697a 4500 |
| 003 - CONTROL NUMBER IDENTIFIER | |
| control field | OSt |
| 088 ## - REPORT NUMBER | |
| Report number | P 126 |
| 100 ## - MAIN ENTRY--AUTHOR NAME | |
| Personal name | AMBILY G. K |
| -- | RAKHY VENUGOPAL |
| -- | SHILPA M. ASOKAN |
| 245 ## - TITLE STATEMENT | |
| Title | Osmotic dehydration of banana |
| 260 ## - PUBLICATION, DISTRIBUTION, ETC. (IMPRINT) | |
| Place of publication | Tavanur 2002 |
| Name of publisher | Kelappaji college of Agricultural Engineering and Technology |
| 300 ## - PHYSICAL DESCRIPTION | |
| Number of Pages | 49 |
| 500 ## - GENERAL NOTE | |
| General note | Osmotic dehydration of banana |
| 520 ## - SUMMARY, ETC. | |
| Summary, etc | Osmotic dehydration is a novel technique of pre - drying treatment of fruits and vegetables to reduce heat damage than in other traditional drying process. |
| 700 ## - ADDED ENTRY--PERSONAL NAME | |
| Personal name | Dr. Santhi Mary Mathew (Guide) |
| 942 ## - ADDED ENTRY ELEMENTS (KOHA) | |
| Koha item type | Project Report |
| Collection code | Home library | Current library | Shelving location | Full call number | Accession Number | Koha item type |
|---|---|---|---|---|---|---|
| Reference | KAUAET | KAUAET | Reference | 631.56 AMB/OS | P 126 | Project Report |
